Statystyki dla TOP 30 POLSKI RAP/TRAP - LUTY 2020

Kliknij tutaj aby rozwiązać quiz!

Ogólne statystyki

  • Ten quiz został rozwiązany 162 razy
  • Średni wynik to 9 z 30

Statystyki odpowiedzi

MiejsceWykonawcaTytuł% Poprawnych
#01QuebonafideJESIEŃ
80%
#03ŻabsonSEXOHOLIK
76%
#07Białas ft. MataDrift
64%
#04Młody CzuuxTroja
59%
#02Malik Montana, DmnNiedostępny
47%
#05Tymek ft. Kizo, Szpaku94
46%
#06Białas ft. SzpakuSmutne miasteczko
46%
#09Szpaku&Kubi Producent ft. BedoesNa osiedlu
45%
#12Białas ft. White 2115Sweet Home
38%
#08Białas ft. BedoesZło jest wszędzie
38%
#20Szpaku&Kubi Producent ft. TymekOVERHYPE9000
34%
#17MataLezore
32%
#14Szpaku&Kubi ProducentFREESTYLE
29%
#30olszakumpelluna
28%
#26Białas ft. BeteoPasy
26%
#19Białas ft. ADMBól dupy
24%
#11Young IgiKażdy nowy dzień
24%
#13Oliver Olson ft. PaluchVibe
24%
#28SokółZorro
23%
#24BlachaBALL-IN
22%
#18PRO8L3MKoło fortuny
20%
#15KizoMŁODY TYTAN
20%
#16Tede&Sir MichAllinka
19%
#10Avi x Louis VillainPowiedz na osiedlu
18%
#25Małach/RufuzPowiedz na osiedlu
18%
#23Major SPZ ft. PopekMilion
15%
#21Tymek ft. BonsonNieśmiertelność
12%
#22kartkyskellige
8%
#29Kaczor BRS ft. Dawid ObserwatorPac Man
7%
#27Słoń & Dope D.O.D.JCVD
6%

Rozkład punktacji

Percentyl według liczby udzielonych odpowiedzi

Procent ludzi z każdym wynikiem

Twoja historia wyników

Nie rozwiązałeś tego quizu